00717nam a2200205 i 4500001000300000245008500003260006900088300004800157504002800205650002400233700004400257015001800301020001800319040000800337041000800345044000800353080001100361008004100372856009800413bg00aDevelopments in mechanical engineering.nVol. 2 /ced. Janusz T. Cieśliński. aGdańsk :bGdańsk University of Technology Publishers,c2008. a165, [1] s. :bil. (w tym kolor.) ;c24 cm. aBibliogr. przy pracach. 9aMechanika stosowana1 aCieśliński, Januszd(1954- ).eRed. aPB 14159/2008 a9788373482210 cBPK apol aPOL a621.01080523s2008 pl a f f |000 0 eng  uhttp://koha.tu.koszalin.pl/cgi-bin/koha/opac-detail.pl?biblionumber=55572yKatalog online BPK